[Event "Bergen"]
[Site "?"]
[Date "2015.06.15"]
[Round "9.1"]
[White "Goy, Udo"]
[Black "Roeder, Frank"]
[Result "0-1"]
[WhiteElo "2084"]
[BlackElo "2184"]
[Annotator "Fritz 5.32 "]
[PlyCount "120"]
[EventDate "2015.??.??"]
[WhiteTeam "Ford SF Köln"]
[BlackTeam "SV Altensittenbach"]

{D12: Damengambit (Slawische Verteidigung)} 1. d4 d5 2. Nf3 Nf6 3. c4 c6 4. e3
Bf5 5. Nc3 e6 6. Be2 Nbd7 7. O-O {letzter Buchzug} 7... Ne4 8. Bd3 Bg6 9. Qc2 (
9. Bxe4 dxe4 10. Nd2 Bd6 $11) 9... f5 (9... Nxc3 10. Qxc3 Bd6 11. b3 $15) 10.
Rb1 Bd6 11. b4 a6 12. a4 {Jetzt hängt b5 in der Luft} 12... O-O 13. b5 axb5 14.
axb5 (14. cxb5 $143 c5 $17) 14... Bh5 15. Be2 (15. Nxe4 $2 fxe4 16. Bxe4 dxe4
17. Qxe4 Qe7 $19) (15. Bxe4 $143 fxe4 16. Ne1 Qh4 $15) 15... Qc7 16. g3 Nxc3
17. Qxc3 cxb5 18. c5 (18. Rxb5 $5 Rfd8 19. Re1 $15) 18... b6 19. Ba3 Rfc8 20.
Rfc1 bxc5 21. dxc5 Nxc5 22. Rxb5 Ne4 23. Qxc7 Rxc7 24. Rxc7 Bxc7 25. Bb2 Rb8
26. Rxb8+ Bxb8 27. Kg2 Bd6 28. Bb5 Kf7 (28... Bxf3+ 29. Kxf3 g5 30. h3 $17) 29.
Ne5+ $15 Bxe5 30. Bxe5 Nd2 31. f4 Bd1 32. Kf2 (32. Bd3 $5 $17) 32... Nf3 33. h4
Nxe5 34. fxe5 h6 35. Bd7 Ke7 36. Bc8 Bh5 37. Ke1 Bf7 38. Kf2 Kd8 39. Ba6 Kc7
40. Kf3 Kb6 41. Bc8 Kc7 (41... Kc5 42. g4 fxg4+ 43. Kxg4 $17) 42. Ba6 Be8 43.
Kf4 g6 44. g4 Bd7 45. g5 h5 46. Be2 Kb6 47. Bf1 Kc5 (47... Bb5 48. Bg2 $19) 48.
Ba6 $17 Kb4 49. Bf1 (49. Kf3 $142 $5 $17) 49... Bb5 $19 50. Bg2 Kc5 (50... Kc3
51. Kg3 $19) 51. Bf3 Kc4 52. Be2+ Kb4 53. Bd1 Kc3 54. Bf3 Kd2 55. Bg2 Ke2 56.
Bh1 (56. Bf3+ Kf2 $19) 56... Kf2 57. Bf3 Be2 58. Bh1 Bd1 59. Be4 d4 $1 60. Bxf5
(60. exd4 {Motiv: Blockade} 60... fxe4 {
Eliminiert eine wichtige Deckungsfigur: e4}) 60... dxe3 (60... dxe3 61. Bd3 e2
62. Bxe2 Bxe2 $19) (60... gxf5 $4 61. exd4 Ba4 62. g6 $18) 0-1